000 00484nam a2200157 a 4500
001 000004512
005 20200929151442.0
008 090723s1989 dr r 001 0 spa d
040 _aDO-SdBNP
_bspa
_cBNPHU
082 _axxx
_bS265e
100 1 _aSavard, Raymundo
_913189
245 1 3 _aEl espiritu santo les va a enseñar :
_bcatequesis de iniciación /
_cRaymundo Savard.
260 _aSanto Domingo :
_bAmigo del Hogar,
_c1989.
300 _a231 p. ;
_c22 cm.
500 _aIncluye índice
999 _c4321
_d4321